| 000 | 00874nam a22002175i 4500 | ||
|---|---|---|---|
| 001 | 158710 | ||
| 003 | ES-MaACL | ||
| 005 | 20250815110107.0 | ||
| 008 | 040902s1883 fr a |||| | fre d | ||
| 040 |
_aCAM _bspa _cCAM |
||
| 100 | 1 |
_aMarcou, Jules. _976547 |
|
| 245 | 1 | 0 |
_a[Note sur la Géologie de la Californie / _cpar Jules Marcou]. |
| 260 |
_aLagny : _b[s.n., _cs.a.] ( _fF. Aureau) |
||
| 300 |
_aP. [407]-435, [1] h. de lám. ; _c25 cm. |
||
| 500 | _aExtrait du Bulletin de la Société Géologique de France, 3e série, t.XI, p. 407, séance du 16 avril 1883. | ||
| 594 | _aTit. tomado de comienzo del texto. | ||
| 596 | _aPie de imp. tomado de colofón. | ||
| 650 | 7 |
_aGeología- _zCalifornia _2 _9157307 |
|
| 852 |
_aES-MaACL _jT-901-F-14 _z-- Enc. hol. _z-- Legado de Federico de Botella y de Hornos _z-- Enc. en un vol. facticio |
||
| 999 |
_c158710 _d158710 |
||